| 000 | 00414nam a2200169 a 4500 | ||
|---|---|---|---|
| 001 | 28262 | ||
| 005 | 20180713231121.0 | ||
| 008 | 140415d 000 0 spa d | ||
| 020 | _a9701037863 | ||
| 041 | _aspa | ||
| 082 | _a778.53 | ||
| 100 | 1 | _aBordwell, David,. | |
| 245 | 1 | 0 | _aARTE CINEMATOGRÁFICO |
| 250 | _a6° EDICIÓN | ||
| 260 |
_a[s.l.] : _bMC GRAW HILL, _c[s.f.] |
||
| 520 | _aRP | ||
| 999 |
_c28262 _d28262 |
||